Solfeo de los solfeos

Enregistré dans:
Détails bibliographiques
Auteurs principaux: Lemoine, Enrique (Auteur), Garulli, G (Auteur)
Format: Livre
Langue:espagnol
français
Publié: París Henry Lemonine y Cía 1900
Sujets:
Tags: Ajouter un tag
Pas de tags, Soyez le premier à ajouter un tag!

MARC

LEADER 00000nam a2200000 a 4500
001 UCM0286
003 CL-VaPUC
008 020125e19000000FR |||||||||||||||||spa|d
041 0 7 |a spa  |2 CL-VaPUC 
041 0 7 |a fre  |2 CL-VaPUC 
082 0 4 |a 781.4212  |b LEM  |2 21 
100 |a Lemoine, Enrique  |e author  |9 466999 
700 0 |a Garulli, G  |e author  |9 467000 
245 1 0 |a Solfeo de los solfeos 
300 |a v 
942 |c BK 
945 |d 20020125 00:00:00  |a lriquelm 
260 |a París  |b Henry Lemonine y Cía  |c 1900 
500 |a Incluye los vols: 1A, 1B, 2A y 2B 
650 7 |a SOLFEO - ESTUDIO E INSTRUCCION  |2 CL-VaPUC  |9 331722 
650 0 |a Solfeo, ejercicios y estudios  |9 466981 
650 7 |a SOLFEO - TECNICAS DE LA MUSICA  |2 CL-VaPUC  |9 466982 
650 0 |a Solfeo, técnicas de ejecución  |9 466983 
650 0 |a Solfeo, interpretación  |9 466984 
650 0 |a Solfeo, partituras  |9 466985 
650 0 |a Elementos de la música  |9 416977 
583 |a last modification  |c 20020125 00:00:00  |k Rodrigo Vera 
999 |c 299253  |d 299251 
952 |0 0  |1 0  |4 0  |6 781_421200000000000_LEM_1900  |7 0  |8 A  |9 355540  |a BIBEDU  |b BIBEDU  |d 2019-11-21  |h v.1-2  |i 1156713  |o 781.4212 LEM 1900  |p 1156713  |r 2023-01-12  |w 2019-11-21  |y BK  |k MUS